<?xml version="1.0" encoding="UTF-8"?>
<record
    xmlns:xsi="http://www.w3.org/2001/XMLSchema-instance"
    xsi:schemaLocation="http://www.loc.gov/MARC21/slim http://www.loc.gov/standards/marcxml/schema/MARC21slim.xsd"
    xmlns="http://www.loc.gov/MARC21/slim">

  <leader>00829nam a22002537b 4500</leader>
  <controlfield tag="003">3228</controlfield>
  <controlfield tag="005">20260417113446.0</controlfield>
  <controlfield tag="008">231107b        sa ||||| |||| 00| 0 eng d</controlfield>
  <datafield tag="020" ind1=" " ind2=" ">
    <subfield code="a">9780627028120</subfield>
    <subfield code="q">pbk</subfield>
  </datafield>
  <datafield tag="040" ind1=" " ind2=" ">
    <subfield code="a">MPL</subfield>
    <subfield code="c">3228</subfield>
  </datafield>
  <datafield tag="041" ind1=" " ind2=" ">
    <subfield code="2">E</subfield>
  </datafield>
  <datafield tag="082" ind1=" " ind2=" ">
    <subfield code="a">658.4013 PRINS</subfield>
  </datafield>
  <datafield tag="100" ind1=" " ind2=" ">
    <subfield code="a">Prinsloo, Jeanne</subfield>
  </datafield>
  <datafield tag="245" ind1=" " ind2=" ">
    <subfield code="a">Perfomance auditing: a step-by-step approach/</subfield>
    <subfield code="c">Jeanne Prinsloo.</subfield>
  </datafield>
  <datafield tag="250" ind1=" " ind2=" ">
    <subfield code="a">Second edition</subfield>
  </datafield>
  <datafield tag="260" ind1=" " ind2=" ">
    <subfield code="a">Pretoria [South Africa]:</subfield>
    <subfield code="b">Van Schaik,</subfield>
    <subfield code="c">2011.</subfield>
  </datafield>
  <datafield tag="300" ind1=" " ind2=" ">
    <subfield code="a">ix,146 pages;</subfield>
    <subfield code="c">24 cm.</subfield>
  </datafield>
  <datafield tag="504" ind1=" " ind2=" ">
    <subfield code="6">includes bibliographic references and indexes</subfield>
  </datafield>
  <datafield tag="650" ind1=" " ind2=" ">
    <subfield code="v">Management auditing</subfield>
    <subfield code="x">Administrative agencies</subfield>
    <subfield code="z">South Africa</subfield>
  </datafield>
  <datafield tag="650" ind1=" " ind2=" ">
    <subfield code="v">Finance, public- auditing</subfield>
    <subfield code="z">South Africa</subfield>
  </datafield>
  <datafield tag="700" ind1=" " ind2=" ">
    <subfield code="9">199174</subfield>
    <subfield code="a">Mariaan Roos.</subfield>
  </datafield>
  <datafield tag="942" ind1=" " ind2=" ">
    <subfield code="w">169</subfield>
    <subfield code="x">Boniswa Ngcongolo</subfield>
    <subfield code="y">367</subfield>
    <subfield code="z">Ellen Msibi</subfield>
  </datafield>
  <datafield tag="942" ind1=" " ind2=" ">
    <subfield code="2">ddc</subfield>
    <subfield code="c">BOOK</subfield>
  </datafield>
  <datafield tag="999" ind1=" " ind2=" ">
    <subfield code="c">760090</subfield>
    <subfield code="d">760089</subfield>
  </datafield>
  <datafield tag="952" ind1=" " ind2=" ">
    <subfield code="0">0</subfield>
    <subfield code="1">0</subfield>
    <subfield code="2">ddc</subfield>
    <subfield code="4">0</subfield>
    <subfield code="7">0</subfield>
    <subfield code="8">600</subfield>
    <subfield code="a">MAFEL</subfield>
    <subfield code="b">MAFEL</subfield>
    <subfield code="c">GEN</subfield>
    <subfield code="d">2025-06-24</subfield>
    <subfield code="g">320.00</subfield>
    <subfield code="l">0</subfield>
    <subfield code="o">657.45 PRINS</subfield>
    <subfield code="p">3300610015133</subfield>
    <subfield code="r">2025-06-24</subfield>
    <subfield code="w">2025-06-24</subfield>
    <subfield code="y">BOOK</subfield>
  </datafield>
  <datafield tag="952" ind1=" " ind2=" ">
    <subfield code="0">0</subfield>
    <subfield code="1">0</subfield>
    <subfield code="2">ddc</subfield>
    <subfield code="4">0</subfield>
    <subfield code="7">0</subfield>
    <subfield code="8">600</subfield>
    <subfield code="a">SECL</subfield>
    <subfield code="b">SECL</subfield>
    <subfield code="c">Non_Fiction</subfield>
    <subfield code="d">2026-04-17</subfield>
    <subfield code="l">0</subfield>
    <subfield code="o">658.4013 PRINS</subfield>
    <subfield code="p">069129</subfield>
    <subfield code="r">2026-06-08</subfield>
    <subfield code="w">2026-04-17</subfield>
    <subfield code="y">BOOK</subfield>
  </datafield>
</record>
